Leadership in the public sector promises and pitfalls.
| Other Authors: | , , |
|---|---|
| Format: | Book |
| Published: |
New York:
Routledge,
2012.
|
| Subjects: |
| LEADER | 00517cam a2200181 7i4500 | ||
|---|---|---|---|
| 001 | 0000030611 | ||
| 005 | 20140522090000.0 | ||
| 020 | 0 | 0 | |a 9780415591744 |
| 090 | 0 | 0 | |a B 352.236 |b LEA |
| 245 | 0 | 0 | |a Leadership in the public sector promises and pitfalls. |
| 260 | 0 | 0 | |a New York: |b Routledge, |c 2012. |
| 300 | # | # | |a 262 p. |
| 650 | 0 | 0 | |a Public administration |
| 650 | 0 | 0 | |a Leadership |
| 700 | 1 | 0 | |a Teelken, |h Christine |
| 700 | 1 | 0 | |a Ferlie, |h Ewan |
| 700 | 1 | 0 | |a Dent, |h Mike |
| 999 | |a B000033865 |b Book |c Book |e Business Information Centre | ||


